[Event "Titled Tuesday intern op 16th Apr Early"]
[Site "Chess.com INT"]
[Date "2024.04.16"]
[Round "8"]
[White "Jovic, Stanoje"]
[Black "Andersson, Bjorn2"]
[Result "1-0"]
[WhiteElo "2097"]
[BlackElo "2156"]
[PlyCount "81"]
[EventDate "2024.04.16"]
[EventType "swiss (blitz)"]
[EventRounds "11"]
[EventCountry "USA"]
[SourceTitle "CB17_2024"]
[SourceDate "2024.04.24"]
[SourceVersion "1"]
[SourceVersionDate "2024.04.24"]
[SourceQuality "1"]

1. c4 c5 2. g3 Nc6 3. Bg2 d6 4. Nc3 Be6 5. b3 Qc8 6. e3 g6 7. d4 cxd4 8. exd4 Bg4 9. f3 Bf5 10. g4 Bd7 11. Bb2 Bg7 12. Nge2 h5 13. h3 hxg4 14. fxg4 Bxg4 15. hxg4 Rxh1+ 16. Bxh1 Qxg4 17. Bxc6+ bxc6 18. Qd3 Bh6 19. Qe4 Qd7 20. d5 Rc8 21. dxc6 Rxc6 22. Nd5 Rc5 23. Bd4 Rc8 24. Be3 f5 25. Qd4 e5 26. Qh4 f4 27. Bd2 g5 28. Qh5+ Qf7 29. Qh3 Rd8 30. Nec3 Qg6 31. 0-0-0 g4 32. Qh4 Qg5 33. Qf2 g3 34. Qxa7 Ne7 35. Ne4 Qh4 36. Nef6+ Kf7 37. Qxe7+ Kg6 38. Qxd8 g2 39. Qg8+ Bg7 40. Ne8 Qh6 41. Ne7+ 1-0

[Event "Titled Tuesday intern op 16th Apr Early"]
[Site "Chess.com INT"]
[Date "2024.04.16"]
[Round "10"]
[White "Jovic, Stanoje"]
[Black "Santeramo, Alessia Carmen"]
[Result "0-1"]
[WhiteElo "2097"]
[BlackElo "2162"]
[PlyCount "110"]
[EventDate "2024.04.16"]
[EventType "swiss (blitz)"]
[EventRounds "11"]
[EventCountry "USA"]
[SourceTitle "CB17_2024"]
[SourceDate "2024.04.24"]
[SourceVersion "1"]
[SourceVersionDate "2024.04.24"]
[SourceQuality "1"]

1. c4 e5 2. g3 Nc6 3. Bg2 Bc5 4. Nc3 d6 5. Nf3 Nge7 6. e3 0-0 7. d4 Bb6 8. 0-0 Bg4 9. d5 Nb8 10. h3 Bh5 11. g4 Bg6 12. e4 Nd7 13. Bg5 h5 14. Nh4 f6 15. gxh5 fxg5 16. Nxg6 Nxg6 17. hxg6 Qf6 18. Qh5 Rfe8 19. h4 gxh4 20. Bh3 Nf8 21. Bf5 c6 22. Kg2 Bd8 23. dxc6 bxc6 24. Rad1 Be7 25. Rh1 Red8 26. Kf3 Qg5 27. Qxg5 Bxg5 28. Kg4 Be7 29. Rd3 Nd7 30. Be6+ Kf8 31. Bf7 Nf6+ 32. Kf5 Ng8 33. Kg4 Nh6+ 34. Kh5 Nxf7 35. gxf7 Kxf7 36. Rf3+ Ke6 37. Rg1 Rh8+ 38. Kg4 Raf8 39. Rf5 h3 40. Rh1 Rh4+ 41. Kg3 Rfh8 42. Rh2 g6 43. Rf3 Bg5 44. Ne2 Rxe4 45. Ng1 Bf4+ 46. Rxf4 exf4+ 47. Kg4 Rxc4 48. Nf3 c5 49. Rh1 Rc2 50. Re1+ Kd7 51. Rd1 Rxf2 52. Ne5+ Kc7 53. Nxg6 Rg2+ 54. Kf5 Rh5+ 55. Kf6 Rh6 0-1

[Event "Titled Tuesday intern op 13th Feb Early"]
[Site "Chess.com INT"]
[Date "2024.02.13"]
[Round "1"]
[White "Jovic, Stanoje"]
[Black "Kramnik, Vladimir"]
[Result "0-1"]
[WhiteElo "2097"]
[BlackElo "2753"]
[PlyCount "62"]
[EventDate "2024.02.13"]
[EventType "swiss (blitz)"]
[EventRounds "11"]
[EventCountry "USA"]
[SourceTitle "CB08_2024"]
[SourceDate "2024.02.21"]
[SourceVersion "1"]
[SourceVersionDate "2024.02.21"]
[SourceQuality "1"]

1. c4 e5 2. g3 Nc6 3. Bg2 g6 4. Nc3 Bg7 5. Nf3 d6 6. 0-0 f5 7. d3 Nf6 8. Rb1 0-0 9. b4 a6 10. a4 h6 11. b5 axb5 12. axb5 Ne7 13. e4 g5 14. exf5 Bxf5 15. Ne1 Qc8 16. f4 exf4 17. gxf4 gxf4 18. Bxf4 Ng6 19. Bd2 Nh4 20. Nd5 Nxd5 21. Bxd5+ Kh7 22. Qh5 c6 23. Qxh4 cxd5 24. Bb4 Qe6 25. Nf3 Qg6+ 26. Kh1 Bxd3 27. Rg1 Bxb1 28. Rxg6 Bxg6 29. Ng5+ Kg8 30. Bxd6 hxg5 31. Qxg5 Be4+ 0-1

[Event "Titled Tuesday intern op 13th Feb Early"]
[Site "Chess.com INT"]
[Date "2024.02.13"]
[Round "5"]
[White "Jovic, Stanoje"]
[Black "Merriman, John"]
[Result "1-0"]
[WhiteElo "2097"]
[BlackElo "2251"]
[PlyCount "49"]
[EventDate "2024.02.13"]
[EventType "swiss (blitz)"]
[EventRounds "11"]
[EventCountry "USA"]
[SourceTitle "CB08_2024"]
[SourceDate "2024.02.21"]
[SourceVersion "1"]
[SourceVersionDate "2024.02.21"]
[SourceQuality "1"]

1. c4 Nf6 2. g3 c5 3. Bg2 g6 4. Nc3 Bg7 5. Nf3 0-0 6. 0-0 d6 7. d4 cxd4 8. Nxd4 a6 9. b3 Qc7 10. Bb2 Nc6 11. Rc1 Nxd4 12. Qxd4 Be6 13. Nd5 Bxd5 14. cxd5 Qd7 15. Qh4 Rac8 16. Bh3 Rxc1 17. Bxd7 Rxf1+ 18. Kxf1 Nxd7 19. Bxg7 Kxg7 20. Qxe7 Nf6 21. Qxd6 Re8 22. f3 Re3 23. Qc5 Re5 24. e4 Rh5 25. Kg2 1-0

[Event "Titled Tuesday intern op 13th Feb Early"]
[Site "Chess.com INT"]
[Date "2024.02.13"]
[Round "10"]
[White "Melikhov, Evgeny V"]
[Black "Jovic, Stanoje"]
[Result "1/2-1/2"]
[WhiteElo "2172"]
[BlackElo "2097"]
[PlyCount "88"]
[EventDate "2024.02.13"]
[EventType "swiss (blitz)"]
[EventRounds "11"]
[EventCountry "USA"]
[SourceTitle "CB08_2024"]
[SourceDate "2024.02.21"]
[SourceVersion "1"]
[SourceVersionDate "2024.02.21"]
[SourceQuality "1"]

1. d4 Nf6 2. c4 e6 3. Nc3 Bb4 4. Qc2 d5 5. cxd5 exd5 6. Bg5 0-0 7. e3 h6 8. Bxf6 Qxf6 9. a3 Bxc3+ 10. Qxc3 c6 11. Nf3 Bg4 12. Be2 Nd7 13. 0-0 Bxf3 14. Bxf3 a5 15. Rfc1 a4 16. b4 axb3 17. Qxb3 b5 18. a4 bxa4 19. Rxa4 Rab8 20. Qc2 Rfc8 21. Bg4 Qd6 22. Bxd7 Qxd7 23. h3 Rb5 24. Qd3 g6 25. Rca1 c5 26. dxc5 Rbxc5 27. Rd4 Rc1+ 28. Rxc1 Rxc1+ 29. Kh2 Rc5 30. g3 Qc6 31. Kg2 h5 32. h4 Kg7 33. Kh2 Rc3 34. Qd1 Rc1 35. Qe2 Rb1 36. Rd1 Rxd1 37. Qxd1 Qc4 38. Kg2 Kf6 39. Qa1+ Ke6 40. Qg7 Qe4+ 41. Kg1 Qb1+ 42. Kg2 Qe4+ 43. Kg1 Qb1+ 44. Kg2 Qe4+ 1/2-1/2

[Event "Titled Tuesday intern op 13th Feb Early"]
[Site "Chess.com INT"]
[Date "2024.02.13"]
[Round "7"]
[White "Ranaldi, Lucas"]
[Black "Jovic, Stanoje"]
[Result "0-1"]
[WhiteElo "2362"]
[BlackElo "2097"]
[PlyCount "118"]
[EventDate "2024.02.13"]
[EventType "swiss (blitz)"]
[EventRounds "11"]
[EventCountry "USA"]
[SourceTitle "CB08_2024"]
[SourceDate "2024.02.21"]
[SourceVersion "1"]
[SourceVersionDate "2024.02.21"]
[SourceQuality "1"]

1. Nf3 d5 2. d4 c5 3. c4 dxc4 4. d5 Nf6 5. Nc3 a6 6. a4 e6 7. e4 exd5 8. exd5 Bd6 9. Bxc4 0-0 10. 0-0 Bg4 11. Be2 Re8 12. h3 Bh5 13. Be3 Nbd7 14. Nd2 Bxe2 15. Qxe2 Ne5 16. Rfd1 Rc8 17. f4 Ng6 18. Qf3 Rxe3 19. Qxe3 Bxf4 20. Qf3 Bxd2 21. Rxd2 Ne5 22. Qf4 Nfd7 23. Re1 f6 24. d6 Rc6 25. Qf5 Qe8 26. Kh1 g6 27. Qe4 Kg7 28. Qd5 c4 29. Qe4 Nc5 30. Qd5 Ncd3 31. Ree2 Qf7 32. Qxf7+ Kxf7 33. Ne4 h6 34. Nf2 Rxd6 35. Nxd3 Rxd3 36. Rxd3 cxd3 37. Rd2 Ke6 38. Kg1 Kd5 39. Kf2 Kd4 40. Rd1 Nc4 41. Rb1 f5 42. Ke1 Ke3 43. Kd1 Kf2 44. b3 Ne5 45. Kd2 Kxg2 46. Ke3 g5 47. Kd4 Nf3+ 48. Kxd3 Kxh3 49. b4 f4 50. b5 g4 51. bxa6 bxa6 52. Rb6 g3 53. Rxh6+ Kg4 54. Rxa6 g2 55. Rg6+ Ng5 56. a5 g1Q 57. a6 Qb1+ 58. Kc4 Qxg6 59. Kd5 Qxa6 0-1

[Event "Titled Tuesday intern op 23rd Jan Late"]
[Site "Chess.com INT"]
[Date "2024.01.23"]
[Round "8"]
[White "Jovic, Stanoje"]
[Black "Cordoba Roa, Angel Gabriel"]
[Result "0-1"]
[WhiteElo "2097"]
[BlackElo "2312"]
[PlyCount "104"]
[EventDate "2024.01.23"]
[EventType "swiss (blitz)"]
[EventRounds "11"]
[EventCountry "USA"]
[SourceTitle "CB05_2024"]
[SourceDate "2024.01.31"]
[SourceVersion "1"]
[SourceVersionDate "2024.01.31"]
[SourceQuality "1"]

1. c4 e6 2. d4 d5 3. Nf3 Nf6 4. Bg5 dxc4 5. Nc3 a6 6. a4 Nc6 7. a5 Bb4 8. e4 h6 9. Bxf6 Qxf6 10. Bxc4 Bxa5 11. 0-0 0-0 12. e5 Qd8 13. d5 exd5 14. Bxd5 Bb6 15. Bxc6 bxc6 16. Qa4 Bd7 17. Rad1 Qe7 18. Qe4 Rfe8 19. Rfe1 Rab8 20. h3 Ba7 21. Re2 Red8 22. Ra1 Rb4 23. Qc2 Bb6 24. Rxa6 Rf4 25. Nd2 Bf5 26. Nde4 Qxe5 27. g3 Rf3 28. Kg2 Rfd3 29. Ra8 Rxa8 30. Qxd3 Qe6 31. g4 Bg6 32. f4 f5 33. Ng5 Qb3 34. gxf5 Bh5 35. Rd2 hxg5 36. fxg5 Rf8 37. f6 gxf6 38. g6 Qe6 39. Qg3 f5 40. g7 Re8 41. Rf2 Bg6 42. Kh2 Bxf2 43. Qxf2 Qe5+ 44. Kg2 Kxg7 45. h4 f4 46. h5 Be4+ 47. Kh2 Kh7 48. Qh4 Rg8 49. h6 Bd5 50. Nxd5 cxd5 51. Qh5 f3+ 52. Kh3 Qxh5# 0-1

[Event "Titled Tuesday intern op 16th Jan Early"]
[Site "Chess.com INT"]
[Date "2024.01.16"]
[Round "2"]
[White "Jovic, Stanoje"]
[Black "Murthy, Pappu LN"]
[Result "1-0"]
[WhiteElo "2097"]
[BlackElo "1821"]
[PlyCount "59"]
[EventDate "2024.01.16"]
[EventType "swiss (blitz)"]
[EventRounds "11"]
[EventCountry "USA"]
[SourceTitle "CB04_2024"]
[SourceDate "2023.10.16"]
[SourceVersion "1"]
[SourceVersionDate "2023.10.16"]
[SourceQuality "1"]

1. c4 Nf6 2. g3 e5 3. Bg2 Nc6 4. Nf3 d5 5. cxd5 Nxd5 6. 0-0 Be7 7. d4 exd4 8. Nxd4 0-0 9. Nxc6 bxc6 10. Qa4 Bd7 11. Rd1 Nb6 12. Qa6 Nd5 13. Nc3 Nxc3 14. bxc3 Bd6 15. Ba3 Bxa3 16. Qxa3 Qc8 17. Qc5 Rb8 18. Qxa7 Rb2 19. Qd4 Bh3 20. Bf3 Qe6 21. a4 h6 22. a5 c5 23. Qxc5 Rxe2 24. Bxe2 Qxe2 25. Qe3 Qb2 26. a6 Ra8 27. g4 Bxg4 28. Qe4 Rxa6 29. Rxa6 Bxd1 30. Ra8+ 1-0

[Event "Titled Tuesday intern op 16th Jan Early"]
[Site "Chess.com INT"]
[Date "2024.01.16"]
[Round "6"]
[White "Jovic, Stanoje"]
[Black "Yagupov, Igor"]
[Result "1-0"]
[WhiteElo "2097"]
[BlackElo "2290"]
[PlyCount "71"]
[EventDate "2024.01.16"]
[EventType "swiss (blitz)"]
[EventRounds "11"]
[EventCountry "USA"]
[SourceTitle "CB04_2024"]
[SourceDate "2023.10.16"]
[SourceVersion "1"]
[SourceVersionDate "2023.10.16"]
[SourceQuality "1"]

1. c4 c6 2. e4 d5 3. exd5 cxd5 4. cxd5 Nf6 5. Qa4+ Nbd7 6. Bc4 g6 7. d3 Bg7 8. Nc3 0-0 9. Nf3 a6 10. Qa3 b6 11. 0-0 Bb7 12. Re1 Re8 13. Bg5 Rc8 14. d6 e6 15. Bb3 Nc5 16. Rad1 Qxd6 17. Bxf6 Bxf6 18. d4 Bxf3 19. dxc5 Qf4 20. gxf3 Rxc5 21. Qa4 Qxa4 22. Bxa4 b5 23. Ne4 Rf5 24. Bb3 Bxb2 25. Rd7 Rf8 26. Kg2 a5 27. h4 a4 28. Bc2 Rf4 29. h5 gxh5 30. Rb7 Rf5 31. f4 Kh8 32. Ng3 Rc5 33. Bd3 h4 34. Ne4 Rf5 35. Nd6 Rd5 36. Nxf7+ 1-0

[Event "Titled Tuesday intern op 14th Nov Early"]
[Site "Chess.com INT"]
[Date "2023.11.14"]
[Round "6"]
[White "Jovic, Stanoje"]
[Black "Arhan, Chethan Anand"]
[Result "1/2-1/2"]
[WhiteElo "2097"]
[BlackElo "2378"]
[PlyCount "41"]
[EventDate "2023.11.14"]
[EventType "swiss (blitz)"]
[EventRounds "11"]
[EventCountry "USA"]
[SourceTitle "CB47_2023"]
[SourceDate "2023.11.22"]
[SourceVersion "1"]
[SourceVersionDate "2023.11.22"]
[SourceQuality "1"]

1. c4 g6 2. g3 Bg7 3. Bg2 e5 4. Nc3 c6 5. Nf3 Ne7 6. h4 d5 7. cxd5 cxd5 8. h5 e4 9. Ng1 0-0 10. hxg6 fxg6 11. d3 Qb6 12. e3 Be6 13. Qb3 Qa6 14. Nge2 d4 15. Qb4 dxc3 16. Qxe7 cxb2 17. Bxb2 Rf7 18. Qe8+ Rf8 19. Qe7 Rf7 20. Qe8+ Rf8 21. Qe7 1/2-1/2

[Event "Titled Tuesday intern op 14th Nov Early"]
[Site "Chess.com INT"]
[Date "2023.11.14"]
[Round "4"]
[White "Jovic, Stanoje"]
[Black "Golubev, Mikhail"]
[Result "1/2-1/2"]
[WhiteElo "2097"]
[BlackElo "2461"]
[PlyCount "120"]
[EventDate "2023.11.14"]
[EventType "swiss (blitz)"]
[EventRounds "11"]
[EventCountry "USA"]
[SourceTitle "CB47_2023"]
[SourceDate "2023.11.22"]
[SourceVersion "1"]
[SourceVersionDate "2023.11.22"]
[SourceQuality "1"]

1. c4 g6 2. g3 Bg7 3. Bg2 e5 4. Nc3 Nc6 5. Nf3 d6 6. d3 f5 7. 0-0 h6 8. Rb1 a5 9. a3 g5 10. Ne1 Nf6 11. b4 axb4 12. axb4 0-0 13. b5 Ne7 14. f4 Ng6 15. fxg5 hxg5 16. Bxg5 Qe8 17. Nd5 Nxd5 18. Bxd5+ Be6 19. Bxb7 Ra2 20. Bc6 Qf7 21. b6 cxb6 22. Rxb6 f4 23. Be4 Qa7 24. c5 Ra1 25. Qd2 Bh3 26. Bxg6 Bxf1 27. Kxf1 fxg3+ 28. Kg2 Ra2 29. Nc2 dxc5 30. Rc6 Qa4 31. d4 Qxc6+ 32. d5 Qa4 33. d6 gxh2 34. Qd5+ Kh8 35. Qe6 Qa8+ 36. Kxh2 Rf2+ 37. Kh3 Qg2+ 38. Kh4 Qh2+ 39. Qh3 Qxh3+ 40. Kxh3 Rxe2 41. d7 Ra8 42. d8Q+ Rxd8 43. Bxd8 e4 44. Na3 Re3+ 45. Kg4 Rxa3 46. Bxe4 Bd4 47. Kf5 Ra7 48. Bb6 Rb7 49. Bxb7 Kg7 50. Bd5 Kh8 51. Bc7 Kg7 52. Bf4 Kh8 53. Kg6 Bc3 54. Be3 c4 55. Bxc4 Bb2 56. Kf7 Ba1 57. Bf4 Bb2 58. Kg6 Bc3 59. Bg5 Bb2 60. Bf6+ Bxf6 1/2-1/2

[Event "Titled Tuesday intern op 24th Oct Late"]
[Site "Chess.com INT"]
[Date "2023.10.24"]
[Round "8"]
[White "Jovic, Stanoje"]
[Black "Volkov, Maksim"]
[Result "0-1"]
[WhiteElo "2075"]
[BlackElo "2260"]
[PlyCount "34"]
[EventDate "2023.10.24"]
[EventType "swiss (blitz)"]
[EventRounds "11"]
[EventCountry "USA"]
[SourceTitle "Mega2024 Update 01"]
[Source "Chessbase"]
[SourceDate "2023.11.12"]
[SourceVersion "1"]
[SourceVersionDate "2023.11.12"]
[SourceQuality "1"]

1. c4 e6 2. g3 d5 3. Bg2 Nf6 4. Nf3 dxc4 5. 0-0 a6 6. a4 Nc6 7. a5 Qd5 8. Nc3 Qh5 9. h3 e5 10. g4 Bxg4 11. hxg4 Nxg4 12. Qa4 0-0-0 13. Qxc4 Rd4 14. Qa2 e4 15. Nxe4 Rxe4 16. d3 Nd4 17. Rd1 Rxe2 0-1

[Event "Titled Tuesday intern op 26th Sep Late"]
[Site "Chess.com INT"]
[Date "2023.09.26"]
[Round "8"]
[White "Ambartsumova, Karina"]
[Black "Jovic, Stanoje"]
[Result "1/2-1/2"]
[WhiteElo "2418"]
[BlackElo "2075"]
[PlyCount "210"]
[EventDate "2023.09.26"]
[EventType "swiss (blitz)"]
[EventRounds "11"]
[EventCountry "USA"]
[SourceTitle "EXT 2024"]
[Source "ChessBase"]
[SourceDate "2023.10.10"]
[SourceVersion "1"]
[SourceVersionDate "2023.10.10"]
[SourceQuality "1"]

1. d4 Nf6 2. c4 e6 3. Nc3 Bb4 4. Qc2 d5 5. a3 Bxc3+ 6. Qxc3 0-0 7. Nf3 Nbd7 8. e3 c6 9. Bd3 a5 10. 0-0 a4 11. Qc2 b6 12. Bd2 Ba6 13. Ne5 Nxe5 14. dxe5 Nd7 15. f4 g6 16. cxd5 Bxd3 17. Qxd3 Nc5 18. Qe2 cxd5 19. Bb4 Re8 20. Bxc5 bxc5 21. Rac1 c4 22. e4 Rb8 23. Rfd1 Qb6+ 24. Kh1 Qxb2 25. Qxb2 Rxb2 26. exd5 exd5 27. Rxd5 Rc8 28. h4 Rb3 29. Rd4 c3 30. Rxa4 c2 31. Re4 Rxa3 32. Re2 Rac3 33. Kg1 R8c6 34. Kf2 Kf8 35. g4 Ke7 36. f5 R6c4 37. e6 f6 38. g5 Rf4+ 39. Kg2 Rg4+ 40. Kf2 Rf4+ 41. Kg2 fxg5 42. fxg6 hxg6 43. hxg5 Rfc4 44. Kf2 Rc5 45. Ke1 Rxg5 46. Rcxc2 Rxc2 47. Rxc2 Kxe6 48. Kf2 Rg4 49. Kf3 Rg1 50. Rc6+ Kf5 51. Rc5+ Kf6 52. Ra5 Re1 53. Kg2 Re5 54. Ra6+ Kf5 55. Ra2 Re4 56. Kg1 g5 57. Ra1 Kg4 58. Rb1 Re3 59. Ra1 Kh3 60. Rb1 g4 61. Ra1 g3 62. Rb1 Re2 63. Ra1 Rg2+ 64. Kh1 Rh2+ 65. Kg1 Rg2+ 66. Kh1 Rd2 67. Kg1 Kg4 68. Rb1 Kf3 69. Rb3+ Kf4 70. Rb1 Rc2 71. Ra1 Kf3 72. Ra3+ Kg4 73. Ra1 Kh3 74. Rb1 Ra2 75. Rc1 Ra8 76. Rb1 Rc8 77. Ra1 Re8 78. Rb1 Ra8 79. Rc1 Rb8 80. Ra1 Rb2 81. Rc1 Rg2+ 82. Kh1 Rh2+ 83. Kg1 Ra2 84. Rb1 Ra3 85. Rc1 Kg4 86. Rb1 Kf3 87. Rc1 Re3 88. Rb1 Rd3 89. Rc1 Rd2 90. Rc3+ Kf4 91. Rc1 Kg4 92. Ra1 Rd8 93. Rb1 Kh3 94. Ra1 Rf8 95. Rb1 Rf3 96. Ra1 g2 97. Rb1 Kg3 98. Rc1 Re3 99. Rb1 Kf3 100. Rc1 Kg3 101. Rb1 Re8 102. Rb3+ Kf4 103. Kxg2 Re2+ 104. Kf1 Re3 105. Rxe3 Kxe3 1/2-1/2

[Event "Titled Tuesday intern op 26th Sep Late"]
[Site "Chess.com INT"]
[Date "2023.09.26"]
[Round "4"]
[White "Fiorito, Joaquin"]
[Black "Jovic, Stanoje"]
[Result "1-0"]
[WhiteElo "2399"]
[BlackElo "2075"]
[PlyCount "43"]
[EventDate "2023.09.26"]
[EventType "swiss (blitz)"]
[EventRounds "11"]
[EventCountry "USA"]
[SourceTitle "EXT 2024"]
[Source "ChessBase"]
[SourceDate "2023.10.10"]
[SourceVersion "1"]
[SourceVersionDate "2023.10.10"]
[SourceQuality "1"]

1. d4 Nf6 2. c4 e6 3. Nc3 Bb4 4. f3 d5 5. a3 Bxc3+ 6. bxc3 0-0 7. cxd5 exd5 8. e3 b6 9. Bd3 c5 10. Ne2 Ba6 11. 0-0 Bxd3 12. Qxd3 Nc6 13. Bb2 Re8 14. Ng3 Rc8 15. Rae1 cxd4 16. cxd4 Na5 17. e4 Nc4 18. Bc1 dxe4 19. fxe4 Ne5 20. Qd1 Ng6 21. Bb2 Rxe4 22. Nxe4 1-0

[Event "Titled Tuesday intern op 26th Sep Late"]
[Site "Chess.com INT"]
[Date "2023.09.26"]
[Round "5"]
[White "Jovic, Stanoje"]
[Black "Rodriguez Dominguez, Melissa"]
[Result "1-0"]
[WhiteElo "2075"]
[BlackElo "2011"]
[PlyCount "33"]
[EventDate "2023.09.26"]
[EventType "swiss (blitz)"]
[EventRounds "11"]
[EventCountry "USA"]
[SourceTitle "EXT 2024"]
[Source "ChessBase"]
[SourceDate "2023.10.10"]
[SourceVersion "1"]
[SourceVersionDate "2023.10.10"]
[SourceQuality "1"]

1. c4 c5 2. g3 d5 3. cxd5 Qxd5 4. Nf3 e5 5. Nc3 Qd6 6. Bg2 Nc6 7. 0-0 Nf6 8. d3 a6 9. Bg5 Be7 10. Rc1 Nd7 11. Bxe7 Qxe7 12. Nd5 Qd6 13. Nd2 0-0 14. Ne4 Qg6 15. Nxc5 Nxc5 16. Rxc5 Be6 17. Rxc6 1-0